000
00228nam a22000857a 4500
008
170220b xxu||||| |||| 00| 0 eng d
100
_9
2915
_a
Raja Pocket Book
245
_a
Iit for tal and other Stories
260
_a
New Delhi
_b
RPB
_c
2007
999
_c
6152
_d
6152